Quizzes
Events
Quiz Creation
Community
Videos
Private Events
Remove Ads
Sign In
Join for FREE
Feedback
Dark Mode
Quiz Categories
Sports
Geography
Music
Movies
Television
Just For Fun
Miscellaneous
History
Literature
Language
Science
Gaming
Entertainment
Religion
Holiday
For Kids
Quiz Lab
Recent
Popular Today
Quiz Kudos Today
Editor Picks
Curator Picks
Quizzes by...
Day
Popularity
Type
Ratings
Length
Year
Community
Subscriptions
Recent Discussions
Orange Saloon
Badges
Playlists
Quests
Create
Leaderboards
Showdown
Live 5
Trivia Bingo
Activity
Puzzle Library
Sporcle Events
Private Events
Virtual Trivia
Globe League
Become a Host
Pub Owners
SporcleCon
Opinionation
Our Games
Videos
Blog
Mobile Apps
Partnerships
Remove Ads and Go Orange
Feedback
Sports
Athletes
MLB
NBA
NHL
NFL
Soccer
Sports Teams
WWE
NCAA
Football
Premier League
Basketball
Baseball
Hockey
Golf
Tennis
Cricket
Rugby
Auto Racing
Olympics
World Cup
Sports
Athletes
MLB
NBA
NHL
NFL
Soccer
Sports Teams
WWE
NCAA
Football
Premier League
Basketball
Baseball
Hockey
Golf
Tennis
Cricket
Rugby
Auto Racing
Olympics
World Cup
Random Quiz
Search Sporcle
×
Quiz Lab
Quiz Lab
Sports
WWE
Type in answers that appear in a list
Type in answers that appear in a list
Classic
Best Score? Go Orange.
Complete the Card: Payback 2016 Stats
Can you name the wrestlers who competed at the Payback pay-per-view in 2016?
By
SporcleEXP
2m
18 Questions
936 Plays
936 Plays
936 Plays
Comments
Comments
Give Quiz Kudos
Give Quiz Kudos
-
- Ratings
hide this ad
More Info
Replay
Link that replays current quiz
Next Quiz
Link to next quiz in quiz playlist
You Got
0%
They Got
Avg Score
82%
Avg Friend Score
Upgrade to see
Score Distribution
Jump to the score distribution portion of the page
Score
0/18
Timer
02:00
0
Plays Today
Match Type
Wrestler
% Correct
Match 6 -
Singles Match for the WWE World Heavyweight Championship
Roman Reigns
94%
Match 5 -
Singles Match for the WWE Women's Championship
Charlotte
91.3%
Pre-
Show Match 2 -
Singles Match for the WWE United States Championship
Kalisto
91.1%
Match 3 -
Singles Match for the WWE Intercontinental Championship
The Miz
90.5%
Match 6 -
Singles Match for the WWE World Heavyweight Championship
AJ Styles
89.9%
Pre-
Show Match 2 -
Singles Match for the WWE United States Championship
Ryback
89%
Match 4 -
Singles Match
Dean Ambrose
85.5%
Match 2 -
Singles Match
Kevin Owens
85.1%
Match 2 -
Singles Match
Sami Zayn
81.8%
Match Type
Wrestler
% Correct
Match 5 -
Singles Match for the WWE Women's Championship
Natalya
81%
Match 3 -
Singles Match for the WWE Intercontinental Championship
Cesaro
80%
Match 1 -
Tag Team Match for the Number 1 Contendership for the WWE Tag Team Championship
Enzo Amore
79.4%
Pre-
Show Match 1 -
Singles Match
Dolph Ziggler
78.8%
Match 4 -
Singles Match
Chris Jericho
78.7%
Match 1 -
Tag Team Match for the Number 1 Contendership for the WWE Tag Team Championship
Colin Cassady
74.5%
Match 1 -
Tag Team Match for the Number 1 Contendership for the WWE Tag Team Championship
Aiden English
73.9%
Match 1 -
Tag Team Match for the Number 1 Contendership for the WWE Tag Team Championship
Simon Gotch
73.3%
Pre-
Show Match 1 -
Singles Match
Baron Corbin
68.3%
Quiz Playlist
Details
Report
Send in Message
Add To Playlist
More Info:
Guess only the wrestlers who competed at this event (do not guess commentators, valets, managers, etc...). This doesn't include dark matches.
Classic:
Type in answers that appear in a list
Quiz Source
Last Updated: Feb 16, 2017
Quiz Scoreboard
CHALLENGE
Sign Up to Join the Scoreboard
Show All
Scores
Hide
Comments
May contain spoilers
Recently Published
One Thing in Common: World Cities II
by knightlancer
Geography
7m
Popular People in 1961
by mucciniale
History
6m
1-10 Letter E Words III
by El_Dandy
Language
2m
More to Explore
Quiz From the Vault
Featured Blog Post
Where Did the Easter Bunny Come From?
hide this ad
You Might Also Like...
Tags
WWE Quiz
Competed
complete
Pay-per-view
WWF
Today's Top Quizzes in Sports
Browse Sports
hide this ad
Today's Top Quizzes in WWE
Browse WWE
Top Contributed Quizzes in Sports
1
2022 World Cup Stars
2
Les entraîneurs de l'OM et du PSG au 21e siècle
3
FIFA Club World Cup Champions
4
Criteria MLB: Left Handed Sluggers
5
Les meilleurs buteurs des matchs entre le PSG et l’OM
6
Name the Premier League winners with different clubs
7
Players with Multiple 50 Home Run Seasons
8
MLB Players with Two .350 Batting Average Seasons
9
La finale Lions - Afrique du Sud 2021
10
MLB Hall of Famer by Rings
Explore More
Trending Topics
Crossword
Anime
NBA
Marvel
Disney
Harry Potter
Kpop
Song
Pokémon
WWE
The Office
Puzzle
Country
NFL
Soccer
hide this ad
More By:
SporcleEXP
Quiz
Plays
Rating
Category
Featured
Created
Harry Potter Deaths in Order Minefield
3,067,909
4.18
Literature
Jan 27, 2016
Sins, Dwarfs, and Spice Girls
847,241
4.42
Just For Fun
Apr 11, 2012
Ancient History Bunker
707,998
4.28
History
Jan 20, 2014
Movie Posters VI
678,959
4.37
Movies
Nov 12, 2010
Movie Posters VII
621,785
4.44
Movies
Apr 16, 2011
Go to Creator's Profile
Score Distribution
Quiz Creator Spotlight
SporcleEXP
Follow
Send a Message
Quizzes Created
-
Created Quiz Play Count
-
More By This Creator
Popular Quizzes Today
1
Find the US States - No Outlines Minefield
2
The Countries of the World
3
Popular People in 1961
4
Find the Countries of Europe - No Outlines Minefield
5
1-10 Letter E Words III
6
Find the US States
7
One Thing in Common: World Cities II
8
US States
More Sports Quizzes
This Is Bayern Munich
Quiz Lab
Trending Quizzes
Country Music Stars Doing Things
Get the Picture: Carrie or Dolly
1-10 Letter F Words
1-10 Letter G Words
Risky Map Clicking: Next State Alphabetically
Recently Updated
Leaping Animals
pecheneg
Reality TV Shows (A-Z)
bhenderson79
Rickey Henderson's Hall of Fame Teammates
pecheneg
Champions League XIs: Arsenal
pecheneg
Quick Pick: Celebrities in WWE's Hall of Fame
aduchscher
A-Z Keypad Blitz II
pecheneg
Multiple Oscar Actors
pecheneg
Mystery Phrase Blitz: Oscar 'Best Actors'
pecheneg
F. Scott Fitzgerald Novels
LTH
Pick 3 Villains
ddd62291
Trending Topics
Marvel
Disney
Anime
Crossword
NBA
Harry Potter
Kpop
Pokémon
NFL
The Office
Soccer
Puzzle
Country
Song
WWE
Your Account Isn't Verified!
In order to create a playlist on Sporcle, you need to verify the email address you used during registration. Go to your
Sporcle Settings
to finish the process.
Report this User
Report this user for behavior that violates our
Community Guidelines
.
Details:
Send Report
Go to the Sporcle.com Mobile Site →
Comments